000 00252nam a22000857a 4500
008 160817b xxu||||| |||| 00| 0 eng d
100 _9158
_aManchanda R.P
245 _aTogether with Chemistry Solutions-XI
260 _aNew Delhi
_bRachna Sagar publication
_c2013
999 _c2816
_d2816